00323nam a2200109Ia 4500008004100000041000800041100001600049245007700065260003300142300000800175700003000183250110s9999 xx 000 0 und d aeng aGhorpade J. aLandscape Development Proposal For A Special Township : At Lohegaon Pune bM Arch Landscape, Punec2009 a79p aGuide Name:Divekar Asmita